Everton scorers in Premier League 2014-2015 - Statistics

General Stats
  • This quiz has been taken 308 times
    264 since last reset
  • The average score is 10 of 14
Answer Stats
Player Goals % Correct
Romelu Lukaku 11
98%
Leighton Baines 2
88%
Seamus Coleman 3
85%
Philip Jagielka 4
83%
Ross Barkley 2
82%
Kevin Mirallas 7
79%
James McCarthy 2
67%
John Stones 1
67%
Steven Naismith 7
67%
Arouna Koné 1
66%
Leon Osman 2
60%
Aaron Lennon 2
51%
Aiden McGeady 1
39%
Samuel Eto'o 3
29%
No matching quizzes found
Score Distribution
Percent of People with Each Score
Percentile by Number Answered
Your Score History
You have not taken this quiz since the last reset